000 01053nas a2200361 4500
001 BR2015001182
003 BR-BrBNA
005 20231205125040.0
007 ta
008 230509b bl.|||p| |||| 00| 00por d
040 _aBR-BrBNA
_bpor
_cBiblioteca Nacional de Agricultura
041 _a(En)
072 _aL73
100 1 _aPeixoto, Z.M.P.
100 1 _aCunha, E.M.S.
100 1 _aSacramento, D.R.V.
100 1 _aSouza, M.C.A.M.
100 1 _aSilva, L.H.Q. da
100 1 _aGermano, P.L.
100 1 _aKroeff, S.S.
100 1 _aKotait, I.
245 1 _aRabies laboratory diagnosis: peculiar features of samples from equine origin
650 _aEQUINO
650 _aRAIVA
650 _aDOENCA ANIMAL
650 _aVIRUS
650 _aDIAGNOSTICO
650 _aANALISE
773 0 _tBrazilian Journal of Microbiology (Brazil)
_xISSN 1517-8382
_g(Jan-Mar 2000), v. 31(1) p. 72-75
_wBR2015001182
856 4 0 _uhttp://www.scielo.br/pdf/bjm/v31n1/016.pdf
909 _a202311
_bLúcia
_c55
_dLúcia Elande
942 _2AGRIS
_n0
_cANA
999 _c242335
_d242335